Online
Catalog

Fortran IV elemental / (Record no. 28116)

MARC details
000 -CABECERA
campo de control de longitud fija 00610nam a2200169 a 4500
001 - NÚMERO DE CONTROL
campo de control 000028624
005 - FECHA Y HORA DE LA ÚLTIMA TRANSACCIÓN
campo de control 20250924073802.0
008 - DATOS DE LONGITUD FIJA--INFORMACIÓN GENERAL
campo de control de longitud fija 110411s1986 dr d 000 0 spa d
040 ## - FUENTE DE LA CATALOGACIÓN
Centro catalogador/agencia de origen DO-SdBNP
Lengua de catalogación spa
Centro/agencia transcriptor BNPHU
082 ## - NÚMERO DE LA CLASIFICACIÓN DECIMAL DEWEY
Número de clasificación xxx
Número de documento/Ítem A165f
100 1# - ENTRADA PRINCIPAL--NOMBRE DE PERSONA
Nombre de persona Abud, Godofredo A.
9 (RLIN) 55585
245 10 - MENCIÓN DE TÍTULO
Título Fortran IV elemental /
Mención de responsabilidad, etc. Godofredo A. Abud.
260 ## - PUBLICACIÓN, DISTRIBUCIÓN, ETC.
Lugar de publicación, distribución, etc. Santo Domingo :
Nombre del editor, distribuidor, etc. Editora Universitaria - UASD,
Fecha de publicación, distribución, etc. 1986.
300 ## - DESCRIPCIÓN FÍSICA
Extensión 177 p. :
Otras características físicas diagramas ;
Dimensiones 21 cm.
490 1# - MENCIÓN DE SERIE
Mención de serie Publicaciones de la Universidad Autónoma de Santo Domingo
Designación de volumen o secuencia v. 448
830 ## - PUNTO DE ACCESO ADICIONAL DE SERIE-TÍTULO UNIFORME
Título uniforme Publicaciones de la Universidad Autónoma de Santo Domingo
Designación de volumen o secuencia v. 448
9 (RLIN) 52
Holdings
Estado de retiro Estado de pérdida No para préstamo Código de colección Localización permanente Ubicación/localización actual Ubicación en estantería Fecha de adquisición Número de inventario Total de préstamos Signatura topográfica completa Código de barras Fecha visto por última vez Precio válido a partir de Tipo de ítem Koha Número de copia
    Excluido de préstamo Patrimonio Dominicano Patrimonio Dominicano Patrimonio Dominicano En catalogación 11.04.2011 LF1   xxx A165f 28624-10 25.06.2020 25.06.2020 Libro y Folleto Colección Patrimonio Dominicano  
    Excluido de préstamo Patrimonio Dominicano Patrimonio Dominicano Patrimonio Dominicano En catalogación 11.04.2011 LF1   xxx A165f 28624-20 25.06.2020 25.06.2020 Libro y Folleto Colección Patrimonio Dominicano e. 2

Powered by Koha